00659nam a2200157 i 4500001000700000003000900007005001700016008004100033100002200074245013400096260004800230300002100278650003700299711004500336852012000381173694ES-MaACL20230906215322.0100111s1878 fr |||| | fre d1 aHarambure, V. de.13aLe régime pénitentiaire a l'Exposition Universelle de 1878 (Pavillion du Ministère de l'Interieur) / cpar V. de Harambure. aParis : bMarchal, Billard et Cie., c1878. a63 p. ; c22 cm. aDerecho penitenciario-zFrancia.2 aExposition Universelle (d1878. cParis) aES-MaACLjD-165(3) z- Encuadernado en vol. facticio, en el lomo: Estudios penitenciarios, 5 z. - Donativo Lastres